000 00288nam a22001337a 4500
008 170713b xxu||||| |||| 00| 0 eng d
020 _a9780072829358
041 _aeng
080 _24TH
_a17
100 _a24
101 _aFIL
245 _aMEDICAL ETHICS
_cPENCE,G.E
942 _2udc
_cBK
999 _c20613
_d20613